| 000 | 00378nam a22001457a 4500 | ||
|---|---|---|---|
| 005 | 20250320095914.0 | ||
| 008 | 250320b |||||||| |||| 00| 0 eng d | ||
| 020 | _a9780750621823 | ||
| 050 |
_aHD31 _bDRU |
||
| 100 | _aDrucker, Peter F. | ||
| 245 | _aThe Frontiers of management | ||
| 260 |
_aNew York _bButterworth-Heinemann _cc1986 |
||
| 300 | _aviii, 368p | ||
| 942 |
_2lcc _cBK _n0 |
||
| 999 |
_c4996 _d4996 |
||